DECODING THE ETHICS CODE (Record no. 7879)

MARC details
000 -LEADER
fixed length control field 00294nam a2200133Ia 4500
008 - FIXED-LENGTH DATA ELEMENTS--GENERAL INFORMATION
fixed length control field 260604s9999 xx 000 0 und d
020 ## - INTERNATIONAL STANDARD BOOK NUMBER
International Standard Book Number 9781544362717
082 ## - DEWEY DECIMAL CLASSIFICATION NUMBER
Classification number 174 FIS
100 ## - MAIN ENTRY--PERSONAL NAME
Personal name FISHER
9 (RLIN) 35121
245 #0 - TITLE STATEMENT
Title DECODING THE ETHICS CODE
260 ## - PUBLICATION, DISTRIBUTION, ETC.
Name of publisher, distributor, etc. SAGE
500 ## - GENERAL NOTE
General note Ethics
942 ## - ADDED ENTRY ELEMENTS (KOHA)
Koha item type Book
Holdings
Date last seen Total Checkouts Full call number Barcode Cost, replacement price Price effective from Koha item type Lost status Damaged status Not for loan Withdrawn status Home library Current library Shelving location Date acquired Cost, normal purchase price BOOK NO
06/04/2026   174 FIS 003497 16378.50 06/04/2026 Book         Indian Institute of Management Visakhapatnam Indian Institute of Management Visakhapatnam   06/04/2026 16378.50 FIS

Copyright © 2024 Indian Institute of Management Visakhapatnam
Koha v23.05